000 00578nam a22002297a 4500
003 UA-OsUOA
001 40571
007 ta
008 20080613b un ||||| |||| 00| 0 ukr d
090 _a82-94
_bП78
942 _cBK
040 _aUA-OsUOA
_bukr
_cUA-OsUOA
_dUA-OsUOA
245 _aПро Сергія Пилипенка
300 _a158 с.
955 _a3
041 _aukr
080 _a82-94
260 _aК.
_c1992
246 3 1 _aСпогади сучасників
650 7 _a82 Література. Літературознавство
_2UDC
999 _c439072
_d439072